The good thief Ο καλός κλέφτης

Ο καλός κλέφτης Μπομπ Μοντανιέ, είναι ένας αμερικανός πρώην απατεώνας, που έχει αποσυρθεί στη γαλλική Ριβιέρα και ασχολείται με το τζόγο και τα ναρκωτικά. Κυνικός και αποστασιοποιημένος από όλα, αποφασίζει να επανέλθει στην ενεργή δράση, όταν του προτείνουν να οργανώσει ένα τελευταίο κόλπο με υποψήφ...

Πλήρης περιγραφή

Αποθηκεύτηκε σε:
Λεπτομέρειες βιβλιογραφικής εγγραφής
Άλλοι συγγραφείς: Jordan, Neil, 1950- (Σεναριογράφος, Διευθυντής), Nolte, Nick (Ηθοποιός), Fiennes, Ralph (Ηθοποιός), Kusturica, Emir (Ηθοποιός), Karyo, Tchéky, 1953- (Ηθοποιός)
Μορφή: Διαφάνειες
Γλώσσα:English
Greek
Δημοσίευση: Αθήνα : Prooptiki [Εταιρεία διανομής], [2003]
Θέματα:
Ετικέτες: Προσθήκη ετικέτας
Δεν υπάρχουν, Καταχωρήστε ετικέτα πρώτοι!

MARC

LEADER 00000cgm a2200000 i 4500
001 1/423
008 090701s2003 gr ||| | || ||eng||
035 |l 10105231 
040 |a GR-MyUa  |b gre  |e AACR2 
041 0 |a eng  |j gre 
082 7 |a 791.437   |2 (22) 
245 0 4 |a The good thief   |h [μαγνητοσκόπηση] =   |b Ο καλός κλέφτης /   |c written and directed by Neil Jordan. 
246 1 |i Παράλληλος τίτλος:   |a Ο καλός κλέφτης  
260 |a Αθήνα :   |b Prooptiki [Εταιρεία διανομής],   |c [2003] 
300 |a 1 βιντεοδίσκος (105 λεπτ.) :   |b ομίλ., έγχρ. ;   |c 4 3/4 ίν. 
500 |a Κυκλοφόρησε πρώτη φορά ως κινηματογραφική ταινία το 2002. 
508 |a Μουσική, Elliot Goldenthal ; εκτέλεση παραγωγής, Neil Jordan, Kristin Harms, Thierry De Navacelle ; μοντάζ, Tony Lawson ; σχεδιασμός παραγωγής, Anthony Pratt ; διεύθυνση φωτογραφίας, Chris Menges ; παραγωγή, Stephen Woolley, John Wells, Seaton McLean. 
511 0 |a Nick Nolte, Tcheky Karyo, Said Taghmaoui, Emir Kusturica, Quassini Embarek, Nutsa Kukhianidze. 
520 8 |a Ο καλός κλέφτης Μπομπ Μοντανιέ, είναι ένας αμερικανός πρώην απατεώνας, που έχει αποσυρθεί στη γαλλική Ριβιέρα και ασχολείται με το τζόγο και τα ναρκωτικά. Κυνικός και αποστασιοποιημένος από όλα, αποφασίζει να επανέλθει στην ενεργή δράση, όταν του προτείνουν να οργανώσει ένα τελευταίο κόλπο με υποψήφιο θύμα το καζίνο του Μόντε Κάρλο. 
546 |a Στα αγγλικά με υπότιτλους στα ελληνικά. 
650 0 |a Casinos  |z Monaco  |z Monte Carlo  |v Drama. 
655 7 |a Feature films  |2 lcgft 
700 1 |a Jordan, Neil,   |d 1950-  |e aus  |e drt 
700 1 |a Nolte, Nick,  |e act 
700 1 |a Fiennes, Ralph,  |e act 
700 1 |a Kusturica, Emir,  |e act 
700 1 |a Karyo, Tchéky,   |d 1953-  |e act 
852 |a INST  |b SYROS  |c AV  |e 20090701  |h 791.437 JOR  |p 005500008274  |q 005500008274  |t DVD  |y 23 
901 |a BIBL5-2008-1 
922 |a 5ΕΛΗ  |b 200709  |c Βιβλιοθήκη Σύρου  |d Anaco 
970 |a Κοντού  |b Παρασκευή  |z 01/07/2009